| 000 | 01121nam a2200349 i 4500 | ||
|---|---|---|---|
| 001 | 1198 | ||
| 003 | KOSZ 005 | ||
| 005 | 20200624113906.0 | ||
| 008 | 981118s1985 pl a f f |001 0 pol | ||
| 015 | _aPB 1985/2881 | ||
| 020 | _a8309008821 | ||
| 035 | _a(OCoLC)749421444 | ||
| 040 |
_aWA N _cWA N _dKOSZ 005/EC |
||
| 041 | 0 | _apol | |
| 046 | _k1975 | ||
| 080 | _a614.9:619:637.5](075.8) | ||
| 100 | 1 |
_aProst, Edmund _d(1921-2008). _eAutor |
|
| 245 | 1 | 0 |
_aHigiena mięsa : _bpodręcznik akademicki / _cEdmund Prost. |
| 250 | _aWyd. 2 popr. i uzup. | ||
| 260 |
_aWarszawa : _bPańst. Wydaw. Rolnicze i Leśne, _c1985. |
||
| 300 |
_a479, [1] s. : _bfot., rys., wykr. ; _c25 cm. |
||
| 380 | _aKsiążki. | ||
| 388 | _a19001-2000 | ||
| 388 | _a1945-1989 | ||
| 504 | _aBibliogr. przy rozdz. - Indeks. | ||
| 655 | 4 | _aPodręczniki akademickie | |
| 650 | 4 | _aMięso | |
| 650 | 4 | _aHigiena | |
| 710 | 2 |
_aPaństwowe Wydawnictwo Rolnicze i Leśne _4pbl. |
|
| 856 |
_uhttp://koha.tu.koszalin.pl/cgi-bin/koha/opac-detail.pl?biblionumber=1198 _yKatalog online |
||
| 942 |
_2UKD _cKS |
||
| 999 |
_c1198 _d1198 |
||